| 000 | 00339nam a2200133Ia 4500 | ||
|---|---|---|---|
| 008 | 221030s9999 xx 000 0 und d | ||
| 041 | _aEnglish | ||
| 100 | _aJ. K. Shim | ||
| 245 | 0 |
_aSchaum`s Outline Of Theory & Problems Of Financial Management _cby J. K. Shim |
|
| 250 | _a2008 | ||
| 260 |
_aJAMMU _c2008 |
||
| 650 | _aMc | ||
| 942 | _cBK | ||
| 999 |
_c16455 _d16455 |
||